gminy powiatu sokołowskiego - Statystyki

Ogólne statystyki
  • Ten quiz został rozwiązany 108 razy
  • Średni wynik to 6 z 9
Odpowiedzi na mapie
Odpowiedzi zakodowano w zielono-czerwonej skali na mapie do tego quizu, zgodnie z poniższymi procentami.
 
Statystyki odpowiedzi
Gmina Odpowiedź % Poprawnych
miejska Sokołów Podlaski
96%
wiejska Sokołów Podlaski
96%
miejsko-wiejska Kosów Lacki
70%
wiejska Repki
63%
wiejska Sterdyń
57%
wiejska Jabłonna Lacka
50%
wiejska Sabnie
50%
wiejska Bielany
48%
wiejska Ceranów
44%
Nie znaleziono quizów pasujących do podanych kryteriów
Rozkład punktacji
Procent ludzi z każdym wynikiem
Percentyl według liczby udzielonych odpowiedzi
Twoja historia wyników
Nie rozwiązałeś tego quizu